[Event "Hordaland-ch NGP A"]
[Site "Bergen"]
[Date "2018.06.10"]
[Round "6"]
[White "Sekkingstad, Thomas"]
[Black "Jonvik, Aslak"]
[Result "1-0"]
[WhiteElo "1630"]
[BlackElo "1492"]
[PlyCount "73"]
[EventDate "2018.06.08"]
[EventType "swiss"]
[EventRounds "6"]
[EventCountry "NOR"]
[SourceTitle "EXT 2024"]
[Source "ChessBase"]
[SourceDate "2023.10.10"]
[SourceVersion "1"]
[SourceVersionDate "2023.10.10"]
[SourceQuality "1"]

1. d4 Nf6 2. c4 e6 3. Nc3 Bb4 4. Qc2 d5 5. Nf3 0-0 6. Bg5 h6 7. Bh4 c5 8. e3 Nbd7 9. cxd5 exd5 10. Be2 g5 11. Bg3 Ne4 12. 0-0 Bxc3 13. bxc3 c4 14. Nd2 Ndf6 15. Be5 Bf5 16. Qb2 Re8 17. Bf3 Nxd2 18. Qxd2 g4 19. Bxf6 Qxf6 20. Bxd5 Bd3 21. Rfe1 Rad8 22. e4 b6 23. a4 Qg6 24. Qf4 Re7 25. Re3 Rd6 26. Rg3 h5 27. h3 Rf6 28. Qb8+ Kh7 29. hxg4 hxg4 30. e5 Rf5 31. Qd8 Qg5 32. Bf3 Rf4 33. Bxg4 Rxg4 34. Rxg4 Qxg4 35. Qxe7 Qg6 36. Qh4+ Kg8 37. Qg3 1-0

[Event "Hordaland-ch NGP A"]
[Site "Bergen"]
[Date "2018.06.09"]
[Round "3"]
[White "Andas, Kjetil"]
[Black "Jonvik, Aslak"]
[Result "1-0"]
[WhiteElo "1763"]
[BlackElo "1492"]
[PlyCount "115"]
[EventDate "2018.06.08"]
[EventType "swiss"]
[EventRounds "6"]
[EventCountry "NOR"]
[SourceTitle "EXT 2024"]
[Source "ChessBase"]
[SourceDate "2023.10.10"]
[SourceVersion "1"]
[SourceVersionDate "2023.10.10"]
[SourceQuality "1"]

1. d4 Nf6 2. c4 e6 3. Nf3 d5 4. g3 dxc4 5. Bg2 Be7 6. Ne5 0-0 7. 0-0 Nd5 8. Nxc4 b5 9. Ne5 Bb7 10. Qb3 a5 11. Qxb5 Ba6 12. Qxa5 f6 13. Nd3 Nc6 14. Qd2 Nxd4 15. Nc3 Rb8 16. Nxd5 exd5 17. Nf4 c5 18. Bxd5+ Kh8 19. Re1 g5 20. e3 gxf4 21. exd4 Qxd5 22. Rxe7 Bb7 23. Rxb7 Rxb7 24. dxc5 Qxd2 25. Bxd2 fxg3 26. hxg3 Rxb2 27. Bh6 Ra8 28. a3 Rb3 29. Rd1 Rbxa3 30. Rd7 R3a7 31. Bg7+ Kg8 32. Rxa7 Rxa7 33. Bxf6 Ra4 34. Be5 Rc4 35. Bd6 Kf7 36. Kg2 h5 37. Kf3 Ke6 38. Ke3 Kd5 39. f4 Rc3+ 40. Kf2 Rc2+ 41. Kf3 Rc3+ 42. Kg2 Ke4 43. Kh3 Kf5 44. Be7 Rc2 45. Bd6 Rc1 46. Be7 Rh1+ 47. Kg2 Re1 48. Bd6 Kg4 49. c6 Rc1 50. c7 Rc2+ 51. Kg1 Rc3 52. Kf2 Rc2+ 53. Ke3 Kf5 54. Kd4 Ke6 55. Be5 Rc1 56. Ke4 Kd7 57. Kf5 Rc3 58. Bxc3 1-0

[Event "Hordaland-ch NGP A"]
[Site "Bergen"]
[Date "2018.06.09"]
[Round "4"]
[White "Jonvik, Aslak"]
[Black "Aarnes, Eirik"]
[Result "0-1"]
[WhiteElo "1492"]
[BlackElo "1784"]
[PlyCount "46"]
[EventDate "2018.06.08"]
[EventType "swiss"]
[EventRounds "6"]
[EventCountry "NOR"]
[SourceTitle "EXT 2024"]
[Source "ChessBase"]
[SourceDate "2023.10.10"]
[SourceVersion "1"]
[SourceVersionDate "2023.10.10"]
[SourceQuality "1"]

1. e4 d5 2. exd5 Nf6 3. d4 Bg4 4. Be2 Bxe2 5. Nxe2 Qxd5 6. Nf4 Qf5 7. c4 e6 8. Qa4+ Nc6 9. 0-0 Bd6 10. g3 g5 11. d5 gxf4 12. dxc6 bxc6 13. Nc3 Kd7 14. b4 Qh3 15. Qd1 Ng4 16. Qxg4 Qxg4 17. Ne4 Qg6 18. Bb2 Qxe4 19. c5 Rhg8 20. cxd6 cxd6 21. Rab1 f3 22. h3 Qc2 23. Rfd1 Rxg3+ 0-1